| 000 | 00355cam a2200133 a 4500 | ||
|---|---|---|---|
| 020 | _a0205319149 | ||
| 050 | 0 | 0 |
_aHM586 _b.H45 2001 |
| 100 | 1 | _aHenslin, James M. | |
| 245 | 1 | 0 |
_aSociology : _ba down-to-earth approach / _cJames M. Henslin. |
| 250 | _a5th ed. | ||
| 260 |
_aBoston : _bAllyn and Bacon, _c2001. |
||
| 300 | _axxxvi, 728 p. : | ||
| 942 |
_2lcc _cGEN |
||
| 999 |
_c10963 _d10963 |
||